| 000 | 01036nam a22002654a 4500 | ||
|---|---|---|---|
| 005 | 20090806112746.0 | ||
| 008 | 050722s2005 flua 000 0 eng | ||
| 010 | _aENG-94643 | ||
| 020 |
_a9788189975883 _c295.00 |
||
| 035 | _aEN-78176 | ||
| 037 | _bDBAD / PUB | ||
| 040 |
_adpl _bEnglish |
||
| 082 | _a646.70082 | ||
| 100 | _aHolmes, Melisa. | ||
| 245 |
_aGirlology : _ba girl's guide to stuff that matters : relationships, bodytalk & girl power! / _cby Melisa Holmes [and] Patricia Hutchison. |
||
| 260 |
_aNew Delhi _bWestland _c2008 |
||
| 270 |
_aF-5, Okhla Industrial Area, Phase-I, Mazzanine Floor, _bNew Delhi _e110020 |
||
| 300 |
_av, 255 p. : _bill. ; _c23cm(pbk) |
||
| 650 |
_aGirls _vLife skills guides. |
||
| 650 |
_aGirls _xPsychology. |
||
| 650 |
_aGirls _xConduct of life. |
||
| 700 | _aHutchison, Patricia. | ||
| 942 |
_2ddc _cEN _m646.70082 |
||
| 999 |
_c28949 _d28949 |
||